Poesía de protesta en hispanoamérica / (Registro nro. 6530)
[ vista simple ]
| 000 -LEADER | |
|---|---|
| fixed length control field | 01234nam a22002657a 4500 |
| 003 - CONTROL NUMBER IDENTIFIER | |
| control field | OSt |
| 005 - DATE AND TIME OF LATEST TRANSACTION | |
| control field | 20250627124542.0 |
| 008 - FIXED-LENGTH DATA ELEMENTS--GENERAL INFORMATION | |
| fixed length control field | 200217t2001 ck ao||gr|||| 00| pcspa d |
| 040 ## - CATALOGING SOURCE | |
| Original cataloging agency | CO-JMCR |
| Transcribing agency | CO-JMCR |
| 041 0# - LANGUAGE CODE | |
| Language code of text/sound track or separate title | spa |
| 082 04 - DEWEY DECIMAL CLASSIFICATION NUMBER | |
| Classification number | A-P |
| Item number | GOMp |
| 100 1# - MAIN ENTRY--PERSONAL NAME | |
| Personal name | Gómez Aristizábal, Horacio, |
| Relator term | autor |
| 9 (RLIN) | 619 |
| 245 10 - TITLE STATEMENT | |
| Title | Poesía de protesta en hispanoamérica / |
| Statement of responsibility, etc. | [Horacio Gómez Aristizábal, Jaime González Parra, Hernando Vásquez ; composición de textos, Clara María Parra] |
| 260 ## - PUBLICATION, DISTRIBUTION, ETC. | |
| Place of publication, distribution, etc. | Bogotá : |
| Name of publisher, distributor, etc. | Kimpres, |
| Date of publication, distribution, etc. | ©2001 |
| 300 ## - PHYSICAL DESCRIPTION | |
| Extent | 134 páginas : |
| Other physical details | ilustraciones, fotografías a blanco y negro ; |
| Dimensions | 21 cm. |
| 500 ## - GENERAL NOTE | |
| General note | Incluye datos biográficos de los autores en tapa posterior. |
| 520 ## - SUMMARY, ETC. | |
| Summary, etc. | Argentina -- Bolivia -- Colombia -- Costa Rica -- Cuba -- Chile -- Ecuador -- El salvador -- Guatemala -- Honduras -- México -- Nicaragua -- Panamá -- Paraguay -- Perú -- Puerto Rico -- Santo Domingo -- Uruguay -- Venezuela |
| 650 24 - SUBJECT ADDED ENTRY--TOPICAL TERM | |
| Topical term or geographic name entry element | Poesía |
| Geographic subdivision | Argentina |
| 9 (RLIN) | 620 |
| 650 24 - SUBJECT ADDED ENTRY--TOPICAL TERM | |
| Topical term or geographic name entry element | Poesía |
| Geographic subdivision | Bolivia |
| 9 (RLIN) | 621 |
| 650 24 - SUBJECT ADDED ENTRY--TOPICAL TERM | |
| Topical term or geographic name entry element | Poesía |
| Geographic subdivision | Colombia |
| 9 (RLIN) | 622 |
| 700 1# - ADDED ENTRY--PERSONAL NAME | |
| Personal name | González Parra, Jaime, |
| Relator term | autor |
| 9 (RLIN) | 623 |
| 700 1# - ADDED ENTRY--PERSONAL NAME | |
| Personal name | Vásquez, Hernando, |
| Relator term | autor |
| 9 (RLIN) | 624 |
| 700 1# - ADDED ENTRY--PERSONAL NAME | |
| Personal name | Parra, Clara María, |
| Relator term | Composición de textos |
| 9 (RLIN) | 625 |
| 942 ## - ADDED ENTRY ELEMENTS (KOHA) | |
| Source of classification or shelving scheme | Dewey Decimal Classification |
| Koha item type | Books |
| Withdrawn status | Lost status | Source of classification or shelving scheme | Damaged status | Not for loan | Home library | Current library | Shelving location | Date acquired | Source of acquisition | Cost, normal purchase price | Total Checkouts | Full call number | Barcode | Date last seen | Date last checked out | Copy number | Price effective from | Koha item type |
|---|---|---|---|---|---|---|---|---|---|---|---|---|---|---|---|---|---|---|
| Dewey Decimal Classification | Biblioteca Pública José María del Castillo y Rada | Biblioteca Pública José María del Castillo y Rada | Processing Center | 05/27/2019 | Donación | 0.00 | 1 | A-P GOMp | 201809470 | 01/21/2026 | 01/21/2026 | Ej.1 | 02/17/2020 | Books |